Carbohydrate chemistry. a review of the recent literature published during 1986 / Volume 20, part 1, Monosaccharides, disaccharides, and specific oligosaccharides :

Carbohydrate Chemistry provides review coverage of all publications relevant to the chemistry of monosaccharides and oligosaccharides in a given year. The amount of research in this field appearing in the organic chemical literature is increasing because of the enhanced importance of the subject, es...

Full description

Bibliographic Details
Corporate Author: Royal Society of Chemistry (Great Britain)
Other Authors: Williams, N. R.
Format: eBook
Language:English
Published: London : Royal Society of Chemistry, [1988]
Series:Specialist periodical report.
Subjects:
Online Access:Connect to the full text of this electronic book

MARC

Tag First Indicator Second Indicator Subfields
LEADER 00000cam a2200000Ia 4500
001 in00004357708
005 20210728140358.0
006 m o d
007 cr cn|||||||||
008 080731s1988 enka ob 001 0 eng d
019 |a 1086434719  |a 1089319530  |a 1097987279  |a 1102528458 
020 |a 1847552986 
020 |a 9781847552983 
024 7 |a 10.1039/9781847552983  |2 doi 
035 |a (OCoLC)237046119  |z (OCoLC)1086434719  |z (OCoLC)1089319530  |z (OCoLC)1097987279  |z (OCoLC)1102528458 
035 |a (OCoLC)ocn237046119 
035 |a 6431440 
037 |a 10.1039/9781847552983  |b Royal Society of Chemistry  |n http://www.rsc.org/spr 
040 |a UKRSC  |b eng  |c UKRSC  |d UKRSC  |d U5D  |d OL$  |d OCLCQ  |d OCLCF  |d U3G  |d YDXCP  |d OCLCQ  |d LEAUB  |d OCLCQ  |d UtOrBLW 
049 |a TXAM 
050 1 4 |a QD321 
082 0 4 |a 574.19248  |2 22 
245 0 0 |a Carbohydrate chemistry.  |n Volume 20, part 1,  |p Monosaccharides, disaccharides, and specific oligosaccharides :  |b a review of the recent literature published during 1986 /  |c senior reporter, R.N. Williams ; reporters, B.E. Davison [and others]. 
264 1 |a London :  |b Royal Society of Chemistry,  |c [1988] 
264 4 |c ©1988 
300 |a 1 online resource (xiv, 301 pages) :  |b illustrations 
336 |a text  |b txt  |2 rdacontent 
337 |a computer  |b c  |2 rdamedia 
338 |a online resource  |b cr  |2 rdacarrier 
490 1 |a Specialist periodical reports 
500 |a Electronic resource. 
520 |a Carbohydrate Chemistry provides review coverage of all publications relevant to the chemistry of monosaccharides and oligosaccharides in a given year. The amount of research in this field appearing in the organic chemical literature is increasing because of the enhanced importance of the subject, especially in areas of medicinal chemistry and biology. In no part of the field is this more apparent than in the synthesis of oligosaccharides required by scientists working in glycobiology. Clycomedicinal chemistry and its reliance on carbohydrate synthesis is now very well established, for example, by the preparation of specific carbohydrate- based antigens, especially cancer-specific oligosaccharides and glycoconjugates. Coverage of topics such as nucleosides, amino-sugars, alditols and cyclitols also covers much research of relevance to biological and medicinal chemistry. Each volume of the series brings together references to all published work in given areas of the subject and serves as a comprehensive database for the active research chemist Specialist Periodical Reports provide systematic and detailed review coverage in major areas of chemical research. Compiled by teams of leading authorities in the relevant subject areas, the series creates a unique service for the active research chemist, with regular, in-depth accounts of progress in particular fields of chemistry. Subject coverage within different volumes of a given title is similar and publication is on an annual or biennial basis. Current subject areas covered are Amino Acids, Peptides and Proteins, Carbohydrate Chemistry, Catalysis, Chemical Modelling: Applications and Theory, Electron Paramagnetic Resonance, Nuclear Magnetic Resonance, Organometallic Chemistry, Organophosphorus Chemistry, Photochemistry and Spectroscopic Properties of Inorganic and Organometallic Compounds. From time to time, the series has altered according to the fluctuating degrees of activity in the various fields, but these volumes remain a superb reference point for researchers. 
650 0 |a Carbohydrates  |v Periodicals. 
650 7 |a Carbohydrates.  |2 fast  |0 (OCoLC)fst00846754 
650 7 |a Chemistry.  |2 bicssc 
650 7 |a Science.  |2 eflch 
655 7 |a Electronic books.  |2 local 
655 7 |a Periodicals.  |2 fast  |0 (OCoLC)fst01411641 
700 1 |a Williams, N. R.  |0 http://id.loc.gov/authorities/names/no2010049391 
710 2 |a Royal Society of Chemistry (Great Britain)  |0 http://id.loc.gov/authorities/names/n81122723 
776 1 |c Original  |z 085186242X  |z 9780851862422  |w (OCoLC)20942920 
830 0 |a Specialist periodical report.  |0 http://id.loc.gov/authorities/names/n83707073 
856 4 0 |u http://proxy.library.tamu.edu/login?url=https://dx.doi.org/10.1039/9781847552983  |z Connect to the full text of this electronic book  |t 0 
955 |a RSC eBooks 
994 |a 92  |b TXA 
999 f f |s 88638b82-2b2f-37b5-99ac-500a1040eb3a  |i 3e935f3a-234c-39e7-a387-26c69480f5b2  |t 0 
952 f f |a Texas A&M University  |b College Station  |c Electronic Resources  |d Available Online  |t 0  |e QD321  |h Library of Congress classification 
998 f f |a QD321  |t 0  |l Available Online